The Battle Bricks Enemies - Statistics

General Stats
  • This quiz has been taken 48 times
  • The average score is 58 of 104
Answer Stats
Type Enemy Ability Debut Traits % Correct
Regular Battler None The Battle Begins Traitless
97%
Regular Sword Battler None Sword Dual Traitless
91%
Regular Trowel Battler Wall Building a Wall Traitless
88%
Boss Doombringer Bucket & Bucket Spell & Base Destroyer Doomspire Brickbattle Traitless
85%
Regular Gravity Battler Jump Gravity Falls Traitless
85%
Regular Regen Battler Heal Bullet Sponge Traitless
85%
Regular Speed Battler None In a Hurry Traitless
85%
Regular Builder Battler Wall Building a Wall (Tumore) Traitless
82%
Boss Jetrock Flight Rocket Arena Traitless
82%
Regular Paintball Battler None Painting Walls Traitless
82%
Regular Stunner Battler Stun Slinging Shots (Tumore) Traitless
82%
Regular Titan Battler Knockback Immunity TAAAAAANK! Traitless
82%
Regular Baller Battler Knockback Superballing Traitless
79%
Regular Bomb Battler Base Destroyer Bomb Rush Traitless
79%
Regular Brigand Battler None Sword Dual (Tumore) Traitless
79%
Boss Deathbringer Blood Sacrifice & Base Destroyer Doomspire Brickbattle (Tumore) Traitless
79%
Regular Dual Gravity Battler Jump Gravity Falls (Tumore) Traitless
79%
Regular Dual Regen Battler Heal Bullet Sponge (Tumore) Traitless
79%
Regular Dual Speed Battler Knockback In a Hurry (Tumore) Traitless
79%
Boss Paintmaster None Ultimate Paintball Traitless
79%
Regular Rocket Battler None Blow it Up Traitless
79%
Boss Terminator Hyperlaser Ultimate Paintball (Tumore) Traitless
79%
Regular Blonde Battler None The Battle Begins (Tumore) Traitless
76%
Regular Crocket Battler None Blow it Up (Tumore) Traitless
76%
Regular Grenade Battler None Handing Grenades Traitless
76%
Regular Hammer Battler Base Destroyer Stop, Hammer Time Traitless
76%
Regular Slinger Battler None Slinging Shots Traitless
76%
Regular Soccer Battler Knockback Superballing (Tumore) Traitless
76%
Regular Banhammer Battler Shockwave Stop, Hammer Time (Tumore) Traitless
73%
Regular Bucket Tagger Tag I Has Your Bucket Red
73%
Boss DJ Radical Party Disco Party Red
73%
Regular Kamikaze Battler Base Destroyer Bomb Rush (Tumore) Traitless
73%
Regular Sniper Battler None Painting Walls (Tumore) Traitless
73%
Regular Telamon Battler Knockback Immunity & Heal TAAAAAANK! (Tumore) Traitless
73%
Boss Turking Burn & Epicsauce & Base Destroyer On the Heights Red
73%
Regular Arson Battler Burn Throw it Back (Tumore) Traitless
70%
Boss Hellfighter Burn Immunity & Flight Rocket Arena (Tumore) Traitless
70%
Boss Redbeard Cheers! Galleons Red
70%
Regular Firebrand Burn Warm Up Red
67%
Boss Infernus Infernal Reach & Raging Inferno & Dying Tantrum On the Heights (Tumore) Red
67%
Miniboss Gargant None Red Giants Red
64%
Regular Arch Pierce Cooler Daniel Red
61%
Regular Bugle Battler Speed Giving War Cry Traitless
61%
Regular Gallant Knockback Immunity Blade Warfare Red
61%
Boss Rockstar Radical Speed & Damage Giving Disco Party (Tumore) Red
61%
Regular Bomber Battler None Bomber, not Bomb Traitless
58%
Boss Bulldozer Foiled Mission Galleons (Tumore) Red
58%
Regular Dual Firebrand Burn Warm Up (Tumore) Red
58%
Boss Fusecoil Fly & Call The Gang Coilfrontation Traitless
55%
Regular Rusher Battler None Lost My Slingshot Traitless
55%
Regular Cymbal Boy Range Giving Iron Sight Red
52%
Regular Drummer Battler Speed Giving War Cry (Tumore) Traitless
52%
Miniboss Gehenna Hellfire & Base Destroyer Red Giants (Tumore) Red
52%
Regular Guitar Trainee Damage Giving Lets Rock! Red
52%
Regular Shield Battler None Am the Defense Traitless
52%
Regular Uzi Rambo None Loose Cannon (Tumore) Red
52%
Regular Nemesis Pierce Cooler Daniel (Tumore) Red
48%
Regular Shieldman Forcefield & Knockback Immunity Blade Warfare (Tumore) Red
48%
Regular Treasure Seller Sell & Base Destroyer I Has Your Bucket (Tumore) Red
48%
Regular Baker Battler Trip Make a Cake Traitless
45%
Boss Birthday Battler Heal Happy Birthday! Traitless
45%
Miniboss Gravitator Jump & Knockback Moon Base Traitless
45%
Regular Guitar Hero Damage Giving Lets Rock! (Tumore) Red
45%
Regular Icedagger Battler Cold Cooling Off Traitless
45%
Miniboss Regenerator Heal Health Insurance Traitless
45%
Regular Sai Battler Jump Surprise Ambush Traitless
45%
Miniboss Speedster None Rush Hour Traitless
45%
Boss Bedridden Rocks Throw & Berserk Treacherous Traitless
42%
Regular Cake Battler Sugar Rush Slice of Cake Traitless
42%
Boss Celebration Battler Abnormal Firing Happy Birthday! (Tumore) Traitless
42%
Regular Dark Battler None Same as Usual (Tumore) Traitless
42%
Regular Dark Bomber Battler None Bomber, not Bomb (Tumore) Traitless
42%
Regular Dark Rusher Battler Teleport Lost My Slingshot (Tumore) Traitless
42%
Regular Dark Sword Battler Sword Spin Dual or Duel? (Tumore) Traitless
42%
Regular Enigma Battler Surprise! What´s Inside? (Tumore) Traitless
42%
Miniboss Magerator Heal Health Insurance (Tumore) Traitless
42%
Miniboss Ragester Rage Mode Rush Hour (Tumore) Traitless
42%
Regular Saxophone Man Range Giving Iron Sight (Tumore) Red
42%
Boss Soulfuse Judgement & Coil Splice Coilfrontation (Tumore) Traitless
42%
Regular Dark Shield Battler None Am the Defense (Tumore) Traitless
39%
Regular Frostburn Battler Frostburn Freezer Burn Traitless
39%
Regular Katana Battler Jump Surprise Ambush (Tumore) Traitless
39%
Miniboss Spiritator Relaspe Moon Base (Tumore) Traitless
39%
Boss Treachstone Treacherous Treatment & Frostburn Orb & Slumber Treacherous (Tumore) Traitless
39%
Regular Dual Icedagger Battler Cold Cooling Off (Tumore) Traitless
36%
Regular Fudge Battler Scare Make a Cake (Tumore) Traitless
36%
Regular Icecaster Battler Ice Wall Frozen In Place Traitless
36%
Regular Mystery Battler Surprise! What´s Inside? Traitless
36%
Regular Puke Battler Puke Slice of Cake (Tumore) Traitless
36%
Regular Snowtrooper Battler Cold Snowball Fight Traitless
36%
Regular Breaker Battler Ice Breaker Icebreaker Traitless
33%
Regular Freeze Battler Permafrost Ice Cold Drink Traitless
33%
Regular Gale Battler Knockback Breezing Through Traitless
33%
Regular Battler (Classic) None Same as Usual Traitless
30%
Regular Fowlcaster Battler Ice Fowl Summon Frozen In Place (Tumore) Traitless
30%
Miniboss Stalagmight None Rock Formation Traitless
30%
Regular Sword Battler (Classic) None Dual or Duel? Traitless
30%
Regular Icegunner Battler Cold Snowball Fight (Tumore) Traitless
27%
Regular Breacher Battler Cold Debuff Icebreaker (Tumore) Traitless
24%
Regular Icicle Battler Sharp Edges & Cold Ice Cold Drink (Tumore) Traitless
24%
Regular Mistral Battler Knockback Breezing Through Traitless
24%
Regular Okami Battler Frostburn Freezer Burn (Tumore) Traitless
24%
Miniboss Stalagcythe Cold Rock Formation (Tumore) Traitless
18%
Regular Arm Cannooneer Knockback Loose Cannon Red
0%
No matching quizzes found
Score Distribution
Percent of People with Each Score
Percentile by Number Answered
Your Score History
You have not taken this quiz